[Event "3rd Memorial Warakomska 2019"]
[Site "Suwalki"]
[Date "2019.08.11"]
[Round "8.46"]
[White "Wolanski, Michal"]
[Black "Checiak, Krzysztof"]
[Result "1-0"]
[WhiteElo "2007"]
[BlackElo "2057"]
[Annotator "NA"]
[PlyCount "105"]
[EventDate "2019.08.05"]
[EventType "swiss"]
[EventCountry "POL"]
[SourceTitle "playchess.com"]
[Source "ChessBase"]
[SourceQuality "1"]
[TimeControl "40/5400+30:1800+30"]

1. c4 {[%emt 0:00:00]} e5 {[%emt 0:00:39]} 2. g3 {[%emt 0:00:00]} Nf6 {[%emt 0:00:24]} 3. Bg2 {[%emt 0:00:00]} d5 {[%emt 0:00:18]} 4. cxd5 {[%emt 0:00:09]} Nxd5 {[%emt 0:00:16]} 5. Nf3 {[%emt 0:00:06]} Nc6 {[%emt 0:00:26]} 6. O-O {[%emt 0:00:09]} Be6 {[%emt 0:00:39]} 7. d4 {[%emt 0:03:44]} exd4 {[%emt 0:02:34]} 8. Nxd4 {[%emt 0:00:10]} Nxd4 {[%emt 0:01:01]} 9. Qxd4 {[%emt 0:00:12]} c6 {[%emt 0:01:55]} 10. Nc3 {[%emt 0:15:17]} Qb6 {[%emt 0:08:18]} 11. Qe5 {[%emt 0:08:21]} Nxc3 {[%emt 0:03:35]} 12. bxc3 {[%emt 0:08:15]} Qc5 {[%emt 0:01:35]} 13. Qc7 {[%emt 0:02:37]} Qb6 {[%emt 0:00:38]} 14. Qe5 {[%emt 0:02:09]} Qc5 {[%emt 0:00:54]} 15. Bf4 {[%emt 0:01:49]} Qxe5 {[%emt 0:01:26]} 16. Bxe5 {[%emt 0:00:09]} O-O-O {[%emt 0:00:23]} 17. Bd4 {[%emt 0:05:46]} a6 {[%emt 0:02:13]} 18. Rfb1 {[%emt 0:03:10]} f6 {[%emt 0:00:19]} 19. Rb6 {[%emt 0:02:33]} Kc7 {[%emt 0:05:37]} 20. Rab1 {[%emt 0:02:41]} Bc8 {[%emt 0:01:50]} 21. R6b2 {[%emt 0:03:59]} c5 {[%emt 0:01:35]} 22. Be3 {[%emt 0:00:13]} b5 {[%emt 0:01:28]} 23. a4 {[%emt 0:05:23]} bxa4 {[%emt 0:02:53]} 24. Ra2 {[%emt 0:00:18]} Bd6 {[%emt 0:04:12]} 25. Rxa4 {[%emt 0:01:13]} Rhe8 {[%emt 0:00:40]} 26. c4 {[%emt 0:06:18]} g5 {[%emt 0:00:52]} 27. Ra5 {[%emt 0:05:23]} Re5 {[%emt 0:00:26]} 28. Bd5 {[%emt 0:00:41]} Kd7 {[%emt 0:02:28]} 29. Kf1 {[%emt 0:03:13]} Rde8 {[%emt 0:00:03]} 30. Rb2 {[%emt 0:05:20]} Rxe3 {[%emt 0:08:30]} 31. fxe3 {[%emt 0:00:02]} Kc7 {[%emt 0:00:52]} 32. e4 {[%emt 0:01:21]} h5 {[%emt 0:00:34]} 33. Rb3 {[%emt 0:01:50]} Rh8 {[%emt 0:00:42]} 34. h4 {[%emt 0:01:44]} g4 {[%emt 0:01:48]} 35. Kf2 {[%emt 0:03:06]} Rf8 {[%emt 0:00:08]} 36. Ra1 {[%emt 0:00:41]} f5 {[%emt 0:00:38]} 37. exf5 {[%emt 0:00:27]} Rxf5+ {[%emt 0:00:52]} 38. Kg2 {[%emt 0:00:19]} Be5 {[%emt 0:01:25]} 39. Rab1 {[%emt 0:01:22]} Rf8 {[%emt 0:03:05]} 40. Rf1 {[%emt 0:00:00]} Rxf1 {[%emt 0:00:00]} 41. Kxf1 {[%emt 0:06:31]} Bd7 {[%emt 0:02:11]} 42. Rb7+ {[%emt 0:06:46]} Kd8 {[%emt 0:01:04]} 43. Kf2 {[%emt 0:06:08]} a5 {[%emt 0:00:03]} 44. Ra7 {[%emt 0:02:16]} a4 {[%emt 0:00:10]} 45. Bf7 {[%emt 0:00:40]} Bb2 {[%emt 0:00:55]} 46. Bxh5 {[%emt 0:03:50]} a3 {[%emt 0:00:01]} 47. Bg6 {[%emt 0:00:43]} Be6 {[%emt 0:05:16]} 48. Bd3 {[%emt 0:00:33]} Ke8 {[%emt 0:00:23]} 49. h5 {[%emt 0:01:17]} Kf8 {[%emt 0:00:43]} 50. h6 {[%emt 0:00:26]} Bf7 {[%emt 0:01:15]} 51. Ra8+ {[%emt 0:01:19]} Ke7 {[%emt 0:00:22]} 52. h7 {[%emt 0:00:21]} Be8 {[%emt 0:00:40]} 53. Rxa3 {[%emt 0:00:42]} 1-0

[Event "3rd Memorial Warakomska 2019"]
[Site "Suwalki"]
[Date "2019.08.11"]
[Round "8.48"]
[White "Nowak, Lukasz"]
[Black "Skawinski, Arkadiusz"]
[Result "1/2-1/2"]
[WhiteElo "2264"]
[BlackElo "2398"]
[Annotator "NA"]
[PlyCount "83"]
[EventDate "2019.08.05"]
[EventType "swiss"]
[EventCountry "POL"]
[SourceTitle "playchess.com"]
[Source "ChessBase"]
[SourceQuality "1"]
[TimeControl "40/5400+30:1800+30"]

1. d4 {[%emt 0:00:00]} d5 {[%emt 0:04:08]} 2. c4 {[%emt 0:00:00]} c6 {[%emt 0:00:20]} 3. Nf3 {[%emt 0:00:00]} Nf6 {[%emt 0:00:21]} 4. Nc3 {[%emt 0:00:03]} e6 {[%emt 0:00:31]} 5. Bg5 {[%emt 0:00:12]} Nbd7 {[%emt 0:04:57]} 6. e3 {[%emt 0:00:25]} Be7 {[%emt 0:00:07]} 7. Qc2 {[%emt 0:04:48]} O-O {[%emt 0:02:12]} 8. a3 {[%emt 0:01:08]} b6 {[%emt 0:06:24]} 9. Bd3 {[%emt 0:09:54]} Bb7 {[%emt 0:16:57]} 10. O-O {[%emt 0:00:47]} dxc4 {[%emt 0:01:36]} 11. Bxc4 {[%emt 0:00:13]} c5 {[%emt 0:00:03]} 12. Rfd1 {[%emt 0:03:27]} Rc8 {[%emt 0:23:58]} 13. Qe2 {[%emt 0:26:45]} cxd4 {[%emt 0:03:57]} 14. Nxd4 {[%emt 0:11:30]} Qc7 {[%emt 0:02:02]} 15. Ba2 {[%emt 0:10:40]} Rfd8 {[%emt 0:10:07]} 16. Rac1 {[%emt 0:02:15]} Qb8 {[%emt 0:06:42]} 17. Bh4 {[%emt 0:13:21]} Bd6 {[%emt 0:02:15]} 18. Bg3 {[%emt 0:02:04]} Bxg3 {[%emt 0:00:04]} 19. hxg3 {[%emt 0:00:06]} a6 {[%emt 0:00:10]} 20. Rc2 {[%emt 0:01:13]} Qa8 {[%emt 0:02:11]} 21. f3 {[%emt 0:00:30]} Qb8 {[%emt 0:00:02]} 22. g4 {[%emt 0:01:40]} Nf8 {[%emt 0:00:49]} 23. Rcd2 {[%emt 0:00:35]} h6 {[%emt 0:00:44]} 24. f4 {[%emt 0:02:14]} Rc7 {[%emt 0:05:33]} 25. g5 {[%emt 0:01:36]} hxg5 {[%emt 0:00:09]} 26. fxg5 {[%emt 0:00:06]} Ne4 {[%emt 0:01:56]} 27. Nxe4 {[%emt 0:00:09]} Bxe4 {[%emt 0:00:03]} 28. Qxa6 {[%emt 0:00:42]} Rcd7 {[%emt 0:00:11]} 29. Qf1 {[%emt 0:00:36]} Ng6 {[%emt 0:02:27]} 30. Nf3 {[%emt 0:03:06]} Rxd2 {[%emt 0:01:07]} 31. Rxd2 {[%emt 0:00:10]} Bxf3 {[%emt 0:00:54]} 32. Rxd8+ {[%emt 0:00:20]} Qxd8 {[%emt 0:00:03]} 33. Qxf3 {[%emt 0:00:10]} Qxg5 {[%emt 0:00:05]} 34. Bb1 {[%emt 0:00:32]} f5 {[%emt 0:03:18]} 35. Ba2 {[%emt 0:00:16]} Nf8 {[%emt 0:00:02]} 36. Qf4 {[%emt 0:01:26]} Qxf4 {[%emt 0:00:46]} 37. exf4 {[%emt 0:00:05]} Kf7 {[%emt 0:00:02]} 38. Kf2 {[%emt 0:03:54]} Kf6 {[%emt 0:00:31]} 39. Ke3 {[%emt 0:00:21]} e5 {[%emt 0:00:03]} 40. g3 {[%emt 0:00:00]} Ne6 {[%emt 0:00:00]} 41. Bd5 {[%emt 0:09:15]} g5 {[%emt 0:08:17]} 42. Bxe6 {[%emt 0:08:08]} 1/2-1/2

[Event "3rd Memorial Warakomska 2019"]
[Site "Suwalki"]
[Date "2019.08.12"]
[Round "9.1"]
[White "Harsha Bharathakoti"]
[Black "Zakhartsov, Vladimir"]
[Result "1/2-1/2"]
[WhiteElo "2486"]
[BlackElo "2493"]
[Annotator "TA"]
[PlyCount "26"]
[EventDate "2019.08.05"]
[EventType "swiss"]
[EventCountry "POL"]
[SourceTitle "playchess.com"]
[Source "ChessBase"]
[SourceQuality "1"]

{[%evp 9,14,20,27,24,34,20,25]} 1. d4 d5 2. c4 c6 3. Nf3 Nf6 4. e3 e6 5. b3 Be7 6. Bb2 {D30: Queen's Gambit Declined: Systems without Nc3} O-O 7. Nbd2 a5 {Predecessor:} 8. a3 $146 a4 9. b4 b6 10. Rc1 c5 11. bxc5 bxc5 12. cxd5 Nxd5 13. dxc5 Ra5 {½-½ (70) Nabaty,T (2654)-Boruchovsky,A (2556) Riga 2017} 1/2-1/2

[Event "3rd Memorial Warakomska 2019"]
[Site "Suwalki"]
[Date "2019.08.12"]
[Round "9.2"]
[White "Malakhatko, Vadim"]
[Black "Tomczak, Jacek"]
[Result "1/2-1/2"]
[WhiteElo "2462"]
[BlackElo "2623"]
[Annotator "TA"]
[PlyCount "44"]
[EventDate "2019.08.05"]
[EventType "swiss"]
[EventCountry "POL"]
[SourceTitle "playchess.com"]
[Source "ChessBase"]
[SourceQuality "1"]

{[%evp 9,44,14,22,0,0,6,11,7,35,-16,-11,-13,0,-1,-4,-10,0,-16,-22,-14,-20,-13,3,-72,-60,-73,-80,-54,-41,-63,-37,-150,-112,-131,-46,-58,-47]} 1. Nf3 Nf6 2. c4 c5 3. Nc3 d5 4. cxd5 Nxd5 5. e3 e6 6. Bb5+ {A17: English Opening: 1...Nf6 with ...Bb4} Bd7 7. Be2 Bc6 8. O-O {The position is equal.} Nd7 9. b3 $146 (9. d4 $14) ({Predecessor:} 9. d4 Rc8 10. Nb5 Bxb5 11. Bxb5 a6 12. Bxd7+ Qxd7 13. Ne5 Qb5 {½-½ (26) Malakhov,V (2691)-Beliavsky,A (2547) Mali Losinj 2017}) 9... Nxc3 $11 10. dxc3 Qf6 11. Bb2 Qg6 12. c4 O-O-O 13. Qc1 (13. Qb1 $5 {[%cal Rb1g6]}) 13... Bd6 14. Rd1 Bc7 15. Ne1 e5 (15... Rhg8 {with more complications.} 16. Qc2 Qxc2 17. Nxc2 Be5 18. Bxe5 Nxe5 19. Ne1 g5) 16. f3 (16. Bc3 $11 {keeps the balance.}) 16... e4 $17 17. f4 Rhg8 18. g3 Qe6 19. Ng2 f6 20. Rf1 {[#]} ({White should play} 20. Rd2 $15) 20... g5 $1 21. Qe1 {[#]} h5 (21... Qh3 $1 $17 {Hoping for ...h5.} 22. Qf2 Rdf8) 22. Bxh5 $15 Rh8 {Accuracy: White = 47%, Black = 60%.} 1/2-1/2

[Event "3rd Memorial Warakomska 2019"]
[Site "Suwalki"]
[Date "2019.08.12"]
[Round "9.3"]
[White "Iturrizaga Bonelli, Eduardo"]
[Black "Markowski, Tomasz"]
[Result "0-1"]
[WhiteElo "2625"]
[BlackElo "2537"]
[Annotator "TA"]
[PlyCount "124"]
[EventDate "2019.08.05"]
[EventType "swiss"]
[EventCountry "POL"]
[SourceTitle "playchess.com"]
[Source "ChessBase"]
[SourceQuality "1"]

{[%evp 13,124,40,45,46,49,38,53,62,52,55,56,49,43,46,45,43,75,75,71,61,65,61,80,66,80,86,83,74,78,78,82,0,15,0,95,84,79,65,58,46,44,38,70,79,70,82,66,79,90,62,126,122,116,133,147,74,87,92,70,58,54,8,31,0,28,0,1,-78,16,0,0,12,20,0,0,-4,0,-3,0,-27,0,-51,-49,-52,-44,-55,-21,-67,-39,-129,-118,-103,-83,-150,-133,-147,-139,-149,-31,-16,-49,-56,-11,-12,0,0,0,0,0,-869,-860,-1308,-1217]} 1. c4 c5 2. Nf3 g6 3. d4 Bg7 4. e4 Qa5+ 5. Nc3 Nf6 6. Bd3 cxd4 7. Nxd4 Nc6 8. Nb3 {A40: Unusual replies to 1 d4} (8. Nde2 O-O 9. O-O Ng4 10. Nf4 Nge5 11. Be2 Nd4 12. Bd2 Qd8 13. Be3 Nec6 14. Bd3 d6 15. Rc1 Bd7 {1-0 (63) Jakovenko,D (2713)-Kokarev,D (2639) Ekaterinburg 2013}) 8... Qc7 9. O-O $146 ({Predecessor:} 9. Bg5 O-O 10. O-O d6 11. Bxf6 exf6 12. f4 b6 13. Nd5 Qd8 14. Qd2 a5 15. f5 a4 {0-1 (71) Kanarek,M (2508)-Markowski,T (2574) Warsaw 2015}) 9... O-O 10. Be2 {White is slightly better.} d6 11. Be3 b6 12. Rc1 Bb7 13. Qd2 Rac8 14. f3 Rfe8 15. Rfd1 Nd7 16. Kh1 Nc5 17. Na1 Qb8 18. Nc2 Nd7 19. b3 Ba8 20. Nd5 Bb2 21. Rb1 Bg7 22. Rbc1 (22. Nc3 $16) 22... Bb2 $1 $11 23. Rb1 (23. Qe1 $11) 23... Bg7 $16 24. Bg5 Nde5 25. b4 f6 26. Be3 e6 27. Nc3 Red8 28. f4 $36 {[%mdl 2048] Black is under strong pressure.} Nf7 29. a4 f5 30. exf5 gxf5 31. Nb5 Qb7 (31... e5 $14) 32. Bf3 Qe7 33. Re1 Qd7 34. Bf2 (34. Rbd1 $142) 34... Ne7 35. Bxa8 Rxa8 36. Bh4 Re8 $1 37. Rbd1 Ng6 38. Bg3 Rad8 39. h4 a6 40. h5 (40. Nbd4 $11 {remains equal.}) 40... Nf8 (40... axb5 $17 41. hxg6 hxg6 42. cxb5 Ra8) 41. Nbd4 $1 $11 Nh6 42. b5 axb5 43. axb5 ({Much worse is} 43. cxb5 Ra8 $15) 43... Qf7 44. Nc6 $1 {[%cal Rc6d8]} Qxh5+ 45. Kg1 Rd7 46. Qe3 Bf6 47. Qxb6 ({Better is} 47. Qf3 $11 Qxf3 48. gxf3) 47... Ng4 $15 {aiming for ...Bh4.} 48. Qa5 $1 Bh4 49. Qc3 Nf6 $1 {White should prevent ...Ne4.} 50. Bxh4 Qxh4 51. Qh3 (51. Qf3 $15) 51... Qxf4 $17 52. N2d4 Ne4 53. Rf1 (53. Re2 $142) 53... Qg5 54. Rd3 Rg7 55. Nf3 {[#]} Qf6 ({Black should play} 55... Qg6 $1 $17 {Hoping for ...Nd7.} 56. Nd2 Ng5) 56. Nd2 $15 {Nxe4 is the strong threat.} Ng5 57. Qh5 Ra8 58. Rxd6 Qc3 {White must now prevent ...Qe3+.} 59. Qe2 Ra2 60. Qd3 Qf6 {And now ...Qh6 would win.} 61. Rd4 $2 {[%mdl 8192]} (61. Nd4 $11) 61... Qh6 $19 62. Re1 {[#]} Nh3+ {Played: Ra2xd2} 0-1

[Event "3rd Memorial Warakomska 2019"]
[Site "Suwalki"]
[Date "2019.08.12"]
[Round "9.4"]
[White "Nasuta, Grzegorz"]
[Black "Greenfeld, Alon"]
[Result "1/2-1/2"]
[WhiteElo "2529"]
[BlackElo "2522"]
[Annotator "TA"]
[PlyCount "43"]
[EventDate "2019.08.05"]
[EventType "swiss"]
[EventCountry "POL"]
[SourceTitle "playchess.com"]
[Source "ChessBase"]
[SourceQuality "1"]

{[%evp 25,29,-10,-12,-26,-7,-55]} 1. e4 c5 2. Nf3 d6 3. d4 cxd4 4. Nxd4 Nf6 5. Nc3 Nc6 6. g3 g6 7. Nde2 Bg7 8. Bg2 O-O 9. O-O Rb8 10. a4 a6 11. h3 b5 12. axb5 axb5 13. Nd5 Nd7 14. c3 {B70: Sicilian Dragon: 6 g3 and 6 Be2 (without a later Be3)} (14. Rb1 b4 15. Bg5 h6 16. Be3 e6 17. Ndf4 Nde5 18. b3 Ba6 19. Qd2 Kh7 20. Rfd1 Qc8 21. Nd4 Nxd4 22. Bxd4 {1-0 (55) Mchedlishvili,M (2603)-Demchenko,A (2660) Riadh 2017}) 14... e6 15. Ndf4 {Predecessor:} Nc5 $146 16. Be3 Qc7 17. Nd4 Bd7 18. b4 Bxd4 19. cxd4 Na4 20. Nd3 Nb6 21. d5 exd5 22. exd5 {1-0 (44) Kratochvil,J (2257)-Paszewski,M (2100) Pardubice 2014} 1/2-1/2

[Event "3rd Memorial Warakomska 2019"]
[Site "Suwalki"]
[Date "2019.08.12"]
[Round "9.5"]
[White "Shyam, Sundar M."]
[Black "Warakomski, Tomasz"]
[Result "1/2-1/2"]
[WhiteElo "2520"]
[BlackElo "2497"]
[Annotator "TA"]
[PlyCount "204"]
[EventDate "2019.08.05"]
[EventType "swiss"]
[EventCountry "POL"]
[SourceTitle "playchess.com"]
[Source "ChessBase"]
[SourceQuality "1"]

{[%evp 14,204,30,30,64,66,68,65,79,56,72,57,81,45,83,63,56,19,15,9,110,78,112,112,115,116,116,113,110,102,124,114,114,114,135,114,158,151,154,160,187,154,177,167,140,140,139,132,229,224,211,91,91,72,75,77,71,60,68,28,94,78,115,95,95,67,72,59,65,36,53,36,49,63,232,230,395,383,392,389,370,362,339,327,385,277,398,392,304,220,207,54,54,54,54,54,8,0,0,0,0,0,0,0,0,0,0,0,0,0,0,0,0,0,0,0,0,0,8,8,8,8,8,8,8,8,8,8,8,8,8,8,8,8,8,0,8,8,8,8,8,8,8,8,8,8,8,8,8,0,0,0,0,0,0,0,0,0,0,0,0,0,0,0,0,0,0,0,0,0,0,0,0,0,0,0,0,0,0,0,0,0,0,0,0,0,0,0,0,0,0,0,8]} 1. e4 d6 2. d4 Nf6 3. Nc3 e5 4. dxe5 dxe5 5. Qxd8+ Kxd8 6. Bc4 Be6 7. Bxe6 fxe6 8. f3 Nbd7 {B07: Pirc Defence: Miscellaneous Systems} 9. Nh3 Bd6 10. Nf2 Ke7 {White is slightly better.} (10... a6 11. Nd3 Ke7 12. Be3 b5 13. a4 c6 14. Ke2 Rhb8 15. Ra2 Ne8 16. Rd1 h6 {1-0 (39) Sarana,A (2618)-Kabanov,N (2450) Khanty-Mansiysk 2018}) 11. Ke2 a6 $146 ({Predecessor:} 11... Rad8 12. Ncd1 Nb8 13. b3 Nc6 14. c3 b5 15. a3 h6 16. Nd3 {1-0 (42) Bracker,F (2214)-Nuber,K (2133) Kelheim 2007}) 12. a4 b6 13. Rd1 Rhd8 14. g4 Nb8 15. Be3 Nc6 16. Nb1 {[%cal Bc3b1,Bb1d2,Bd2c4][%mdl 32]} Rab8 (16... Nd4+ $1 $11 17. Bxd4 exd4) 17. Nd3 Na5 18. Nd2 c5 19. b3 h6 20. Nc4 Nxc4 21. bxc4 Rdc8 22. Rab1 Nd7 23. h4 Ke8 24. h5 Bc7 25. Rg1 Kf7 26. Rbd1 Nf6 27. Bf2 b5 28. axb5 ({Don't take} 28. Nxc5 $6 bxc4 29. Nxa6 Rb2 $16) 28... axb5 29. cxb5 {Black must now prevent c4.} ({Worse is} 29. Bxc5 bxc4 30. Ne1 Rb5 $11) 29... c4 30. Nb2 Bb6 (30... Rxb5 $16 {keeps fighting.} 31. Nxc4 Bb8) 31. Bxb6 $18 Rxb6 32. Na4 (32. Rb1 $18 {and the rest is easy.}) 32... Rxb5 $16 33. Rb1 Rcb8 34. Nc3 Rb2 35. Rxb2 (35. Rgc1 {is interesting.} Ne8 36. Ra1 Nd6 37. Kf2 R2b7 38. Ra6) 35... Rxb2 {[%mdl 4096] Endgame KRN-KRN} 36. Kd2 Rb7 (36... g6 $11) 37. Rb1 Rc7 38. Nb5 Rd7+ 39. Kc3 g6 40. hxg6+ Kxg6 41. Na3 {Strongly threatening Rb5.} Kg5 $1 42. Nxc4 Kf4 $1 43. Rh1 Rc7 $2 {[#]} (43... Ng8 $1 $14) 44. Rxh6 $18 Nh7 $2 (44... Kg5 45. Rh8 Kf4) 45. Rxe6 Kxf3 46. Rxe5 Kxg4 47. Kd4 Ng5 {intending ...Nf3+.} 48. Ne3+ Kh5 49. Kd3 Kg6 (49... Ra7 $142 50. Rf5 Kh4 51. Rf4+ Kh5) 50. Nd5 Ra7 51. Nf4+ Kh6 52. Rd5 $2 ({White should play} 52. Ne2 $18) 52... Ra3+ $14 53. c3 Nxe4 $1 54. Kxe4 Rxc3 {KRN-KR} 55. Kf5 {The position is equal.} Rf3 56. Rd7 Rf1 57. Ra7 Rf2 58. Ke5 Rf1 59. Rb7 Re1+ 60. Kf6 Rf1 61. Kf5 Rf3 62. Rb8 Rf1 63. Rg8 Ra1 64. Rg6+ (64. Rg4 {is more complex.} Ra2 65. Rg6+ Kh7 66. Rg3 Ra1 67. Rh3+) 64... Kh7 65. Rg2 Rf1 66. Rg4 Ra1 67. Kf6 Ra6+ 68. Ne6 Rb6 69. Ra4 Rd6 $1 70. Ra8 Rb6 71. Rc8 Ra6 72. Rb8 Rd6 73. Re8 Ra6 74. Rb8 Rd6 75. Rb1 Ra6 $1 76. Rd1 Rb6 $1 77. Rh1+ Kg8 78. Rg1+ Kh7 79. Rg2 Ra6 80. Rg7+ Kh6 $1 81. Rg8 {[%cal Rg8h8] [#]} Kh5 82. Kf5 {[%cal Rg8h8]} Ra5+ 83. Ke4 Ra4+ 84. Nd4 (84. Kd3 {keeps more tension.} Ra1 85. Kc2 Kh6 86. Ng5 Rf1 87. Ne4) 84... Kh6 85. Rg1 Kh5 86. Ke5 Ra5+ 87. Kf4 Ra4 88. Rg5+ Kh6 89. Rd5 Ra1 90. Nf5+ Kg6 91. Rd6+ Kf7 92. Rd7+ Ke6 93. Rd6+ Kf7 94. Ne3 Ra5 95. Nd5 Ra1 96. Kf5 Rf1+ 97. Nf4 Ke7 98. Ra6 Kd7 99. Ke5 Re1+ 100. Kd5 Rd1+ 101. Ke5 Re1+ 102. Kd5 Ke8 {Accuracy: White = 66%, Black = 62%.} 1/2-1/2

[Event "3rd Memorial Warakomska 2019"]
[Site "Suwalki"]
[Date "2019.08.12"]
[Round "9.6"]
[White "Sadzikowski, Daniel"]
[Black "Caspi, Israel"]
[Result "1/2-1/2"]
[WhiteElo "2503"]
[BlackElo "2458"]
[Annotator "TA"]
[PlyCount "51"]
[EventDate "2019.08.05"]
[EventType "swiss"]
[EventCountry "POL"]
[SourceTitle "playchess.com"]
[Source "ChessBase"]
[SourceQuality "1"]

{[%evp 18,51,30,24,21,21,31,29,22,21,23,24,17,27,30,21,32,0,15,8,27,36,39,9,19,0,25,0,0,0,0,0,0,0,0,0]} 1. e4 e5 2. Nf3 Nf6 3. Nxe5 d6 4. Nf3 Nxe4 5. d4 d5 6. Bd3 Bd6 7. O-O O-O 8. c4 $146 ({Predecessor:} 8. Re1 Bf5 9. c4 {½-½ (68) Grischuk,A (2771)-Safarli,E (2662) Astana 2019}) 8... c6 9. Re1 Bf5 10. Qb3 Qd7 {C42: Petroff Defence: 3 Nxe5 and unusual White 3rd moves} 11. Nc3 Nxc3 12. Bxf5 Qxf5 {White has an edge.} 13. Qxb7 Qd7 14. Qxd7 $1 Nxd7 15. c5 {[#]} Bxh2+ $1 {[%mdl 512]} 16. Nxh2 Ne4 17. Nf1 Rfe8 18. f3 Nef6 19. Bg5 h6 20. Bxf6 (20. Bh4 {keeps more tension.} Nh5 21. Ne3 Nf8 22. Nf5 Ng6 23. Bf2) 20... Nxf6 21. Ne3 g6 22. Nc2 Rab8 {The position is equal.} 23. b4 Kf8 24. Kf2 Rxe1 25. Rxe1 Ne8 26. g4 {Accuracy: White = 68%, Black = 79%.} 1/2-1/2

[Event "3rd Memorial Warakomska 2019"]
[Site "Suwalki"]
[Date "2019.08.12"]
[Round "9.7"]
[White "Karthik Venkataraman"]
[Black "Stupak, Kirill"]
[Result "1/2-1/2"]
[WhiteElo "2480"]
[BlackElo "2560"]
[Annotator "TA"]
[PlyCount "96"]
[EventDate "2019.08.05"]
[EventType "swiss"]
[EventCountry "POL"]
[SourceTitle "playchess.com"]
[Source "ChessBase"]
[SourceQuality "1"]

{[%evp 12,96,34,23,45,16,38,-4,4,-3,13,11,2,3,21,0,0,0,15,17,29,20,39,41,39,15,15,-41,0,0,0,4,9,-53,-15,-24,-10,-75,-78,-101,-16,-11,0,-74,0,0,0,0,0,0,0,0,0,-7,-4,-28,-13,-76,0,-2,-6,-35,-34,-35,-41,-32,-37,-38,-38,-67,0,0,-2,-4,0,0,0,0,0,0,0,0,0,0,0,0,0]} 1. e4 e6 2. d4 d5 3. Nc3 Bb4 4. e5 Qd7 5. Qg4 Bf8 6. Nf3 b6 7. Bg5 h6 {C16: French: 3 Nc3 Bb4 4 e5: Lines without ...c5} (7... Nc6 8. a3 Bb7 9. Bd3 h6 10. Qh3 Nge7 11. O-O O-O-O 12. b4 Rg8 13. Bd2 g5 14. g4 Bg7 15. Ne2 {1-0 (30) Zhigalko,S (2683)-Stocek,J (2543) St Petersburg 2013}) 8. Bd2 Ne7 9. h4 Ba6 10. Bxa6 Nxa6 11. h5 Nf5 12. O-O $146 ({Predecessor:} 12. Nh4 Nxh4 13. Qxh4 Nb8 14. O-O Nc6 15. Ne2 {0-1 (30) Noble,M (2061)-Skorna,U (2387) Chessfriend.com 2004}) 12... c5 13. Ne2 Qb5 14. Rfe1 Nb4 15. a4 Qd7 16. Rac1 a5 17. b3 Be7 18. Ng3 {Strongly threatening Nxf5.} O-O 19. Kh2 (19. Nxf5 $11 exf5 20. Qg3) 19... Rac8 20. Nxf5 exf5 21. Qg3 {Bxh6 is the strong threat.} Qe6 22. Ng1 (22. Red1 $11) 22... f4 23. Bxf4 Qf5 24. Nh3 (24. Ne2 $11 {keeps the balance.}) 24... Qxh5 $17 25. c3 {[#]} Nc6 (25... Na2 $1 $17 {[%cal Ra2c1]} 26. Ra1 cxd4 27. cxd4 Nb4) 26. Be3 $11 cxd4 27. cxd4 (27. Bxd4 $11 {remains equal.} Nxd4 28. cxd4) 27... Nb4 (27... Bb4 $17 28. Red1 f6) 28. Kg1 Kh7 29. Nf4 Qf5 $1 30. Qf3 Bg5 {And now ...Bxf4 would win.} 31. g4 Qd7 32. Bd2 Bxf4 33. Bxf4 Qe6 34. Kg2 {[#]} (34. Rxc8 $11 Rxc8 35. Rc1) 34... Qg6 (34... Nc2 $1 $17 {[%cal Rc2e1]} 35. Red1 Kg8) 35. Rxc8 Rxc8 36. Bg3 Kg8 37. Kh3 Qe6 38. Kg2 Rc6 39. Rh1 Qg6 40. Bf4 Qd3 (40... Rc2 $15) 41. Qxd3 {The position is equal.} Nxd3 {[%mdl 4096] Endgame KRB-KRN} 42. Be3 $1 Rc2 43. Rd1 Rc3 44. Rb1 g5 45. Kf1 Nb4 46. Ke2 Rc2+ 47. Kd1 Kg7 48. Rc1 Rxc1+ {Accuracy: White = 58%, Black = 49%.} 1/2-1/2

[Event "3rd Memorial Warakomska 2019"]
[Site "Suwalki"]
[Date "2019.08.12"]
[Round "9.8"]
[White "Galperin, Platon"]
[Black "Czarnota, Pawel"]
[Result "1-0"]
[WhiteElo "2445"]
[BlackElo "2534"]
[Annotator "TA"]
[PlyCount "71"]
[EventDate "2019.08.05"]
[EventType "swiss"]
[EventCountry "POL"]
[SourceTitle "playchess.com"]
[Source "ChessBase"]
[SourceQuality "1"]

{[%evp 14,71,70,52,44,47,48,48,72,59,75,65,86,33,37,11,18,13,20,28,18,-23,0,0,135,121,203,194,155,96,194,193,172,196,169,176,289,271,316,310,320,337,397,49,38,34,106,116,618,597,1067,1020,986,863,29994,29995,29995,29996,29996,29997]} 1. d4 Nf6 2. c4 g6 3. Nc3 Bg7 4. e4 d6 5. Be2 O-O 6. Be3 e5 7. d5 a5 8. g4 Na6 {E73: King's Indian: Averbakh Variation without 6...c5} 9. g5 (9. h4 Nc5 10. f3 h5 11. g5 Nh7 12. Kd2 Bd7 13. Nh3 c6 14. Nf2 cxd5 15. exd5 f5 16. gxf6 Nxf6 17. Bxc5 dxc5 {0-1 (37) Vallejo Pons,F (2705)-Radjabov,T (2741) Palma de Mallorca 2017}) 9... Nd7 10. h4 Ndc5 {White is slightly better.} 11. h5 Bd7 12. Nf3 a4 $146 ({Predecessor:} 12... c6 13. Rh4 a4 14. Qd2 a3 15. b3 Qa5 16. Kf1 {1-0 (42) Ladva,O (2501)-Al Sayed,M (2521) Baku 2016}) 13. Rb1 ({White should try} 13. Qd2 $16) 13... c6 $14 14. Kf1 cxd5 $1 15. cxd5 b5 16. a3 Rb8 17. Kg2 Nb3 18. Qg1 Nac5 (18... f5 $11) 19. Qh2 $16 Re8 (19... h6 $16 {was necessary.}) 20. hxg6 $18 hxg6 21. Qg3 (21. Bxc5 dxc5 22. Qh4 Kf8 $15) (21. Qh7+ $142 $1 Kf8 22. Nh4) 21... b4 (21... Nd4 $16 {keeps fighting.}) 22. axb4 Rxb4 23. Rh4 $1 (23. Bxc5 Nxc5 24. Nd2 Rd4 $15) 23... Nd4 {...Nxe4! is the strong threat.} 24. Rbh1 $1 {Hoping for Rh7.} Nxe2 (24... Nxf3 {might work better.} 25. Bxf3 (25. Qxf3 f5 $11) 25... Nd3) 25. Qh2 $1 {Rh8+! would kill now.} Kf8 26. Bxc5 $1 dxc5 27. Nxe2 Rxb2 28. Rh7 $2 $40 {[%mdl 128] White is up to no good.} ({White should play} 28. d6 $18 {White threatens Rh8+! and mate.} f6 29. Rh7) 28... Bg4 $14 {[#]} (28... Rxe2 29. Rxg7 $1 {[%mdl 512]} Bh3+ 30. Qxh3 $18) 29. Rxg7 $1 {[%mdl 512]} Bh5 {[#]} (29... Bxf3+ $1 $14 30. Kxf3 Rb3+ 31. Nc3 Rxc3+ 32. Ke2 Qxg5 33. Qh8+ Ke7 34. Rxf7+ Kd8) (29... Kxg7 30. Qh6+) 30. Rh7 $1 $16 {[%cal Rh7h5]} Rxe2 $2 {[%mdl 8192]} (30... Bxf3+ $16 31. Kxf3 Qxg5 32. Qh6+ Qxh6 33. R1xh6 (33. R7xh6 Ke7 $11) 33... Reb8) 31. Rxh5 $18 (31. Rh8+ $2 Kg7 $19) 31... gxh5 32. Qxh5 Qb6 33. Nh4 {White wants to mate with Nf5.} Qb2 {[#]} 34. Ng6+ $1 {[%mdl 512] White mates.} fxg6 35. Qh8+ Ke7 36. Rh7+ {Accuracy: White = 62%, Black = 35%.} 1-0